Minecraft Ores - Picture Quiz - Statistics

General Stats
  • This quiz has been taken 241 times
  • The average score is 10 of 11
Answer Stats
Picture Answer % Correct
Coal
98%
Gold
97%
Diamond
96%
Emerald
96%
Redstone
96%
Iron
95%
Copper
92%
Nether Quartz
84%
Lapis Lazuli
83%
Nether Gold
67%
Ancient Debris
65%
No matching quizzes found
Score Distribution
Percent of People with Each Score
Percentile by Number Answered
Your Score History
You have not taken this quiz